The Tragedo of King Lear
Spremljeno u:
| Glavni autor: | |
|---|---|
| Format: | Knjiga |
| Jezik: | Undetermined |
| Izdano: |
New York, Estados Unidos
Washington Square Press
1972
|
| Teme: | |
| Oznake: |
Dodaj oznaku
Bez oznaka, Budi prvi tko označuje ovaj zapis!
|
MARC
| LEADER | 00000nam a2200000Ia 4500 | ||
|---|---|---|---|
| 008 | 170316s9999 xx 000 0 und d | ||
| 040 | |a cru BVZT | ||
| 090 | |a 820 S-5k | ||
| 100 | |a Shakespeare, William | ||
| 245 | |a The Tragedo of King Lear | ||
| 260 | |a New York, Estados Unidos | ||
| 260 | |b Washington Square Press | ||
| 260 | |c 1972 | ||
| 300 | |a 125 páginas | ||
| 650 | |a LITERATURA INGLESA |9 12 | ||
| 999 | |c 7137 |d 7137 | ||
| 942 | |c LIB |h 820 S-5k |2 z | ||
